Identify the fighter jet (Medium) - Statistics

General Stats
  • This quiz has been taken 267 times
  • The average score is 7 of 9
Answer Stats
Picture Answer % Correct
F-22 Raptor
99%
F-35 Lightning II
95%
F-14 Tomcat
91%
MiG-25 Foxbat
77%
MiG-29
70%
Chengdu J-20
67%
Saab JAS-39 Gripen
61%
Chengdu J-10
48%
Sukhoi Su-30 MKI
48%
No matching quizzes found
Score Distribution
Percent of People with Each Score
Percentile by Number Answered
Your Score History
You have not taken this quiz